Vishwa ke pramukh itihaas-nirmata (Record no. 311215)
[ view plain ]
| 000 -LEADER | |
|---|---|
| fixed length control field | 00524 a2200205 4500 |
| 005 - DATE & TIME | |
| control field | 20240724145625.0 |
| 008 - FIXED-LENGTH DATA ELEMENTS--GENERAL INFORMATION | |
| fixed length control field | 240724b |||||||| |||| 00| 0 eng d |
| 020 ## - ISBN | |
| International Standard Book Number | 9788188681471 |
| Price | Rs. 1650.00 |
| 040 ## - CATALOGING SOURCE | |
| Original cataloging agency | VIVEKANANDA LIBRARY |
| 082 ## - DDC NUMBER | |
| Classification number | B.08 |
| Book Number | A84V |
| 100 ## - MAIN ENTRY--PERSONAL NAME | |
| Personal name | Arun |
| 245 ## - TITLE STATEMENT | |
| Title | Vishwa ke pramukh itihaas-nirmata |
| 260 ## - PUBLICATION, DISTRIBUTION, ETC. (IMPRINT) | |
| Name of publisher, distributor, etc | Shalabh Publishing House |
| Date of publication, distribution, etc | 2020 |
| Place of publication, distribution, etc | Meerut |
| 300 ## - PHYSICAL DESCRIPTION | |
| Pages | 524 |
| 650 ## - Subject | |
| Subject | Biographies |
| 650 ## - Subject | |
| Subject | Collective Biography |
| 650 ## - Subject | |
| Subject | Historical and National |
| 700 ## - Added Entry Personal Name | |
| Added Entry Personal Name | Hemant |
| 942 ## - ADDED ENTRY ELEMENTS (KOHA) | |
| Koha item type | Books |
| Withdrawn status | Lost status | Source of classification or shelving scheme | Damaged status | Not for loan | Location (home branch) | Sublocation or collection (holding branch) | Shelving location | Date acquired | Koha issues (times borrowed) | Koha full call number | Accession No. | Koha date last seen | Koha item type |
|---|---|---|---|---|---|---|---|---|---|---|---|---|---|
| Dewey Decimal Classification | VIVEKANANDA LIBRARY | VIVEKANANDA LIBRARY | Vivekananda Library | 14/03/2024 | B.08 A84V | 435889 | 14/03/2024 | Books |
